00996 2200349 4500001002100000005001500021035002000036007000300056040001700059100003000076245005400106250001300160300003400173020002700207041000800234082001100242084001700253090001700270264003200287336002100319337003000340338002300370650001700393700003400410700004300444700004200487850001000529008004100539990002200580990002200602990002200624INLIS00000000000713920260603012728 a0010-0822000113ta aSBPUPADbind0 aSiti ChoiriyahePengarang1 aAllah Tuhanku, Muhammad Rasulku /cSiti Choiriyah a,- cet.1 a48 hlm :bilus. ;c19 x 19 cm a978-623-6414-10-1-87-607aind a297.31 a297.31 Sit a a297.31 Sit a a.-- Jakarta :bKanak,c2021 2rdacontentateks 2rdamediaatanpa perantara 2rdacarrieravolume 4aIman (Islam) aEditor, Imran LahaePengarang aEditor ke-2, Andini ApriliaePengarang aEditor ke-3, Lia OktavianiePengarang aPUPAD260603 1  a36.615/B/DPK/2022 a36.616/B/DPK/2022 a36.617/B/DPK/2022